খলিফাদের সোনালি ইতিহাস / (Record no. 12923)
[ view plain ]
| 000 -LEADER | |
|---|---|
| fixed length control field | 00936nam a2200241 a 4500 |
| 001 - CONTROL NUMBER | |
| JCCL Control Number | 12923 |
| 003 - CONTROL NUMBER IDENTIFIER | |
| JCCL marc code | BD-JhCC |
| 005 - DATE AND TIME OF LATEST TRANSACTION | |
| control field | 20230604195911.0 |
| 008 - FIXED-LENGTH DATA ELEMENTS--GENERAL INFORMATION | |
| fixed length control field | 230604s2022 b |||| |||| 000 0 b d |
| 020 ## - INTERNATIONAL STANDARD BOOK NUMBER | |
| International Standard Book Number | 9789849606567 |
| 035 ## - SYSTEM CONTROL NUMBER | |
| system control number | (BD-JhCC)12923 |
| 040 ## - CATALOGING SOURCE | |
| Original cataloging agency | BD-JhCC |
| Modifying agency | BD-JhCC |
| 041 ## - LANGUAGE CODE | |
| Language code of Book | ben |
| 082 ## - DEWEY DECIMAL CLASSIFICATION NUMBER | |
| Classification number | 297.17 |
| Author mark and Year | HAS 2022 |
| 100 ## - MAIN ENTRY--PERSONAL NAME | |
| Personal name | হাশেমি, সাইয়েদ আব্দুল কুদ্দুস |
| 245 ## - TITLE STATEMENT | |
| Title | খলিফাদের সোনালি ইতিহাস / |
| Statement of responsibility, etc | সাইয়েদ আব্দুল কুদ্দুস হাশেমি;নূর হোসাইন উমর (অনু.) |
| 260 ## - PUBLICATION, DISTRIBUTION, ETC. (IMPRINT) | |
| Place of publication, distribution, etc | ঢাকা : |
| Name of publisher, distributor, etc | হাসানাহ পাবলিকেশন, |
| Date of publication, distribution, etc | ২০২২ |
| 300 ## - PHYSICAL DESCRIPTION | |
| Pagination | ৫৪২ পৃ. : |
| Dimensions | ২১ সেমি. |
| 650 ## - SUBJECT ADDED ENTRY--TOPICAL TERM | |
| Topical term or geographic name as entry element | Muslim legend |
| 650 ## - SUBJECT ADDED ENTRY--TOPICAL TERM | |
| Topical term or geographic name as entry element | Islamic History |
| 700 ## - ADDED ENTRY--PERSONAL NAME | |
| Personal name | উমর, নূর হোসাইন |
| 942 ## - ADDED ENTRY ELEMENTS (KOHA) | |
| Source of classification or shelving scheme | Dewey Decimal Classification |
| Koha item type | Books |
| Source of classification or shelving scheme | Damaged status | Not for loan | Home library | Current library | Shelving location | Date of accession | Cost, normal purchase price | Total Checkouts | Full call number | Barcode | Date last seen | Copy number | Method of acquisition | Koha item type | Currency |
|---|---|---|---|---|---|---|---|---|---|---|---|---|---|---|---|
| Dewey Decimal Classification | JCC Rouf Library | JCC Rouf Library | General Stacks | 06/04/2023 | 518.00 | 297.17 HAS 2022 | 17759 | 06/04/2023 | C-1 | Purchase | Books | BDT |